| 000 | 00000nam##2200000za#4500 |
| 001 | 9.569484 |
| 003 | CaOODSP |
| 005 | 20210624181805 |
| 007 | cr ||||||||||| |
| 008 | 150406|1985||||xxc|||||o f|0| 0 eng|d |
| 040 | |aCaOODSP|beng |
| 043 | |an-cn--- |
| 086 | 1 |aNH18-1/193-2-1985E-PDF |
| 110 | 2 |aCanada Mortgage and Housing Corporation. |
| 245 | 10|aStudies on indoor air quality in Canadian homes : |h[electronic resource]|bresearch and information base / |cby Bruce M. Small. |
| 260 | |aOttawa - Ontario : |bCanada Mortgage and Housing Corporation |c1985. |
| 300 | |a369p.|bindex |
| 490 | 1 |aResearch report |
| 590 | |a11-08-Supp|b2011-06-16 |
| 720 | 1 |aSmall, Bruce M. |
| 830 | #0|aResearch report (Canada Mortgage and Housing Corporation : Online)|w(CaOODSP)9.506068 |
| 856 | 40|ahttp://publications.gc.ca|qPDF|s13.91 MB|uhttps://publications.gc.ca/collections/collection_2011/schl-cmhc/nh18-1/NH18-1-193-2-1985-eng.pdf |